LEADER 01239nam a2200277 4500 001 000000337286 003 CaOOAMICUS 005 20191206121357.0 008 191018s2003 it 000 u ita r 020 $a88-250-1134-2 040 $aSeMil$bita 100 1 $aTodisco, Orlando,$c.$0(OLS)http://semarc/name/89638 245 13$aLo stupore della ragione :$bil pensare francescano e la filosofia moderna /$cOrlando Todisco. 264 1$aPadova :$bMessaggero,$c2003. 300 $a605 p. ;$c21 cm 490 1 $aStudi francescani [Messaggero] ;$v2 650 4$aFrancescani - Filosofia.$0(OLS)http://semarc/subject/48836 650 4$aFrancescanesimo - Filosofia.$0(OLS)http://semarc/subject/48835 830 0$aStudi francescani ;$v2.$0(OLS)http://semarc/title/22714 850 $aSeMil 852 $aSeMil$W1$xVenegono$y1$m2P III 865$j218170$B228995$CSeMilBibl$Z2$F228995 $81 961 $aPerego don Stefano - Omaggio 996 $6020$a88-250-1134-2$9(OLS)http://semarc/number/288922 996 $6245$aLo stupore della ragione :$bil pensare francescano e la filosofia moderna$9(OLS)http://semarc/title/426276 996 $6264$aPadova :$bMessaggero$9(OLS)http://semarc/publisher/29786 LEADER 00972nam a2200217 i 4500 001 000000223347 003 CaOOAMICUS 005 20131010000000.0 008 131010s1992 it u000 u ita u 013 $a202244 040 $aSeMil$bita 245 10$a[Giovani e servizio :$bi mestieri della carità, vademecum per scelte professionali e di volontariato. 260 $aS.l. :$bs.n.],$c1992. 300 $a39 p. ;$c21 cm. 500 $aManca il front. - In copertina : Caritas Ambrosiana Pastorale Giovanile. 650 4$aCaritas Ambrosiana.$0(OLS)http://semarc/subject/25101 650 4$aGiovani e servizio.$0(OLS)http://semarc/subject/40886 850 $aSeMil 852 $aSeMil$W1$xVenegono$y1$m5D X 25/11$j173693$B173693$CSeMilBibl$Z2$F183998 $81 996 $6245$a[Giovani e servizio :$bi mestieri della carità, vademecum per scelte professionali e di volontariato$9(OLS)http://semarc/title/320285 996 $6260$aS.l. :$bs.n.]$9(OLS)http://semarc/publisher/37924